| 000 | 00782nam a2200181 i 4500 | ||
|---|---|---|---|
| 001 | 44098 | ||
| 003 | ES-MaACL | ||
| 005 | 20230906160944.0 | ||
| 007 | t| | ||
| 008 | 030320s1876 sp ||||1| spa d | ||
| 100 | 1 |
_aCéspedes, Benjamín de. _937685 |
|
| 245 | 1 | 0 |
_aMemoria leída en la Sociedad Fisiológica Escolar en la sesión inaugural del curso de 1876 a 1877 _b[tema: Estudio fisiológico descriptivo de las pasiones humanas] / _cpor Benjamín Céspedes y Santa Cruz. |
| 260 |
_aMadrid : _b[s.n.], _c1876 ( _fImp. de la viuda de García y Cia) |
||
| 300 |
_a24 p. ; _c22 cm. |
||
| 710 | 2 |
_aSociedad Fisiológica Escolar. _96770 |
|
| 852 |
_aES-MaACL _jT-351-F-14 _z.- Sello de "Los Escolares Médicos" |
||
| 852 |
_aES-MaACL _jT-623-F-10 _z.- Sello de "Los Escolares Médicos" |
||
| 999 |
_c44098 _d44098 |
||